Lebensstil und Verkehrsverhalten junger Fahrer und Fahrerinnen
| 1. VerfasserIn: | |
|---|---|
| Medienart: | Druck Aufsatz |
| Sprache: | Deutsch |
| Veröffentlicht: |
1996
|
| In: |
Info
Jahr: 1996, Heft: 38, Seiten: 1-2 |
| Bestand in Tübingen: | In Tübingen vorhanden. IFK: 8326 |
| Verfügbarkeit prüfen: | HBZ Gateway |
| Schlagwörter: |
MARC
| LEADER | 00000caa a22000002c 4500 | ||
|---|---|---|---|
| 001 | 1639184015 | ||
| 003 | DE-627 | ||
| 005 | 20220608124318.0 | ||
| 007 | tu | ||
| 008 | 160223s1996 xx ||||| 00| ||ger c | ||
| 035 | |a (DE-627)1639184015 | ||
| 035 | |a (DE-576)455792372 | ||
| 035 | |a (DE-599)BSZ455792372 | ||
| 040 | |a DE-627 |b ger |c DE-627 |e rakwb | ||
| 041 | |a ger | ||
| 100 | 1 | |a Schulze, Horst |4 aut | |
| 245 | 1 | 0 | |a Lebensstil und Verkehrsverhalten junger Fahrer und Fahrerinnen |c Horst Schulze |
| 264 | 1 | |c 1996 | |
| 336 | |a Text |b txt |2 rdacontent | ||
| 337 | |a ohne Hilfsmittel zu benutzen |b n |2 rdamedia | ||
| 338 | |a Band |b nc |2 rdacarrier | ||
| 773 | 0 | 8 | |i In |a Bundesanstalt für Straßenwesen |t Info |d Bremerhaven : Wirtschaftsverl. NW, 1993 |g (1996), 38, Seite 1-2 |w (DE-627)184977967 |w (DE-600)1231319-1 |w (DE-576)051444623 |
| 773 | 1 | 8 | |g year:1996 |g number:38 |g pages:1-2 |
| 935 | |a mkri | ||
| 951 | |a AR | ||
| ELC | |b 1 | ||
| LOK | |0 000 xxxxxcx a22 zn 4500 | ||
| LOK | |0 001 3299526421 | ||
| LOK | |0 003 DE-627 | ||
| LOK | |0 004 1639184015 | ||
| LOK | |0 005 20160223094758 | ||
| LOK | |0 008 160208||||||||||||||||ger||||||| | ||
| LOK | |0 040 |a DE-21-110 |c DE-627 |d DE-21-110 | ||
| LOK | |0 689 |a s |a Lebensstil | ||
| LOK | |0 689 |a s |a Verkehrsunfälle | ||
| LOK | |0 689 |a s |a Alkohol | ||
| LOK | |0 689 |a s |a Straßenverkehr | ||
| LOK | |0 689 |a s |a Junge Fahrer | ||
| LOK | |0 689 |a s |a Verkehrsverhalten | ||
| LOK | |0 852 |a DE-21-110 | ||
| LOK | |0 852 1 |c 8326 |m p |9 00 | ||
| LOK | |0 935 |a k110 | ||
| LOK | |0 938 |k p | ||
| LOK | |0 939 |a 08-02-16 |b l01 | ||
| ORI | |a SA-MARC-krimdoka001.raw | ||
| SIG | |a IFK: 8326 | ||
